书目信息 |
| 题名: |
书林漫步
|
|
| 作者: | 郑振铎, 著 | |
| 分册: | ||
| 出版信息: | 北京 中国文史出版社 2022.04 |
|
| 页数: | 337页 | |
| 开本: | 22cm | |
| 丛书名: | 百年中国记忆·名家谈读书丛书 | |
| 单 册: | ||
| 中图分类: | G792-53 , I266.1 | |
| 科图分类: | ||
| 主题词: | 读书方法--Du Shu Fang Fa--文集 , 随笔--Sui Bi--中国--现代--选集 | |
| 电子资源: | ||
| ISBN: | 978-7-5205-3321-8 | |
| 000 | 02210nam 2200313 450 | |
| 001 | 012001001705 | |
| 005 | 20140201170211.0 | |
| 010 | @a978-7-5205-3321-8@dCNY62.80 | |
| 099 | @aCAL 012022049377 | |
| 100 | @a20220905d2022 em y0chiy50 ea | |
| 101 | 0 | @achi |
| 102 | @aCN@b110000 | |
| 105 | @ay z 000yy | |
| 106 | @ar | |
| 200 | 1 | @a书林漫步@AShu Lin Man Bu@e郑振铎谈读书@f郑振铎著 |
| 210 | @a北京@c中国文史出版社@d2022.04 | |
| 215 | @a337页@d22cm | |
| 225 | 2 | @a百年中国记忆·名家谈读书丛书@ABai Nian Zhong Guo Ji Yi·Ming Jia Tan Du Shu Cong Shu |
| 314 | @a郑振铎, 1898年12月19日生于浙江温州, 原籍福建长乐。我国现代杰出的作家、文学史家、艺术史家、文物考古学家和翻译家。1919年参加五四运动并开始发表作品。笔名西谛、CT、郭源新等。五四运动爆发后, 曾作为学生代表参加社会活动, 并和瞿秋白等人创办《新社会》杂志。1920年11月, 与沈雁冰、叶绍钧等人发起成立文学研究会, 并主编文学研究会机关刊物《文学周刊》。1923年1月, 接替沈雁冰主编《小说月报》, 倡导写实主义的“为人生”的文学。大革命失败后, 旅居巴黎。1929年回国。曾在生活书店主编《世界文库》。1932年, 《插图本中国文学史》出版。抗战爆发后, 参与发起“上海文化界救亡协会”, 创办《救亡日报》。和许广平等人组织“复社”, 出版《鲁迅全集》、《联共党史》、《列宁文选》等。抗战胜利后, 参与发起组织“中国民主促进会”, 创办《民主周刊》。1949年以后, 历任文物局局长、考古研究所所长、文化部副部长等职。1958年10月17日, 因飞机失事遇难, 年仅50岁。一生著述宏富, 主要著作有《文学大纲》、《中国文学论集》、《中国俗文学史》、《插图本中国文学史》等。创作有小说集《家庭的故事》、《取火者的逮捕》、《桂公塘》, 散文集《佝偻集》、《欧行日记》、《山中杂记》、《短剑集》、《困学集》、《海燕》等。 | |
| 330 | @a本书在充分搜集郑振铎作品的基础上, 筛选出数十篇与读书相关且对今人读书生活有启发意义的文章, 通过书事杂记、诗词之美、小说述评、历史沉思、古书漫谈五个章节从不同方面展现了作者的读书经历及读书感悟。 | |
| 410 | 0 | @12001 @a百年中国记忆·名家谈读书丛书 |
| 517 | 1 | @a郑振铎谈读书@AZheng Zhen Duo Tan Du Shu |
| 606 | 0 | @a读书方法@ADu Shu Fang Fa@j文集 |
| 606 | 0 | @a随笔@ASui Bi@y中国@z现代@j选集 |
| 690 | @aG792-53@v5 | |
| 690 | @aI266.1@v5 | |
| 701 | 0 | @a郑振铎,@AZheng Zhen Duo@f1898-1958@4著 |
| 801 | 0 | @aCN@bAHXH@c20221111 |
| 905 | @b1366795-9@dG792-53@e2824@f5 | |
| 书林漫步:郑振铎谈读书/郑振铎著.-北京:中国文史出版社,2022.04 |
| 337页;22cm.-(百年中国记忆·名家谈读书丛书) |
| ISBN 978-7-5205-3321-8:CNY62.80 |
| 本书在充分搜集郑振铎作品的基础上, 筛选出数十篇与读书相关且对今人读书生活有启发意义的文章, 通过书事杂记、诗词之美、小说述评、历史沉思、古书漫谈五个章节从不同方面展现了作者的读书经历及读书感悟。 |
| ● |
| 相关链接 |
|
|
|
|
正题名:书林漫步
索取号:G792-53/2824
 
预约/预借
| 序号 | 登录号 | 条形码 | 馆藏地/架位号 | 状态 | 备注 |
| 1 | 1366795 | 213667959 | 第一样本阅览室/ [索取号:G792-53/2824] | 在馆 | |
| 2 | 1366796 | 213667968 | 教育系资料室/ [索取号:G792-53/2824] | 在馆 | |
| 3 | 1366797 | 213667977 | 教育系资料室/ [索取号:G792-53/2824] | 在馆 | |
| 4 | 1366798 | 213667986 | 第四借阅区/ [索取号:G792-53/2824] | 在馆 | |
| 5 | 1366799 | 213667995 | 第四借阅区/ [索取号:G792-53/2824] | 在馆 |